Yoruba culture: (Record no. 127620)
[ view plain ]
| 000 -LEADER | |
|---|---|
| fixed length control field | 00993cam a22002771 4500 |
| 001 - CONTROL NUMBER | |
| control field | 8015747 |
| 003 - CONTROL NUMBER IDENTIFIER | |
| control field | ARRUPE |
| 005 - DATE AND TIME OF LATEST TRANSACTION | |
| control field | 20180314121503.0 |
| 008 - FIXED-LENGTH DATA ELEMENTS--GENERAL INFORMATION | |
| fixed length control field | 720925s1967 nr abef b 000 0 eng |
| 010 ## - LIBRARY OF CONGRESS CONTROL NUMBER | |
| LC control number | 67078331 |
| 015 ## - NATIONAL BIBLIOGRAPHY NUMBER | |
| National bibliography number | B67-1219 |
| 035 ## - SYSTEM CONTROL NUMBER | |
| System control number | (OCoLC)414054 |
| 040 ## - CATALOGING SOURCE | |
| Original cataloging agency | DLC |
| Transcribing agency | ODaWU |
| Modifying agency | OCoLC |
| -- | Uk |
| -- | DLC |
| 042 ## - AUTHENTICATION CODE | |
| Authentication code | premarc |
| 050 00 - LIBRARY OF CONGRESS CALL NUMBER | |
| Classification number | DT513 |
| Item number | .O36 1966 |
| 082 ## - DEWEY DECIMAL CLASSIFICATION NUMBER | |
| Classification number | 916.69 |
| 300 ## - PHYSICAL DESCRIPTION | |
| Dimensions | 23 cm. |
| 100 1# - MAIN ENTRY--PERSONAL NAME | |
| Personal name | Ojo, G. J. Afolabi. |
| 9 (RLIN) | 40561 |
| 245 10 - TITLE STATEMENT | |
| Title | Yoruba culture: |
| Remainder of title | a geographical analysis |
| Statement of responsibility, etc | G.J. Afolabi Ojo; foreword by S.O. Biobaku. |
| 260 ## - PUBLICATION, DISTRIBUTION, ETC. (IMPRINT) | |
| Place of publication, distribution, etc | Ife, |
| Name of publisher, distributor, etc | University; |
| Place of publication, distribution, etc | London, |
| Name of publisher, distributor, etc | University of London P. |
| Date of publication, distribution, etc | 1966 |
| 300 ## - PHYSICAL DESCRIPTION | |
| Extent | 303 p. ; |
| 500 ## - GENERAL NOTE | |
| General note | Revision of author's thesis, National University of Ireland. |
| 504 ## - BIBLIOGRAPHY, ETC. NOTE | |
| Bibliography, etc | Bibliography: p. [279]-290. |
| 650 #0 - SUBJECT ADDED ENTRY--TOPICAL TERM | |
| Topical term or geographic name as entry element | Yoruba (African people) |
| 9 (RLIN) | 40562 |
| 906 ## - LOCAL DATA ELEMENT F, LDF (RLIN) | |
| a | 7 |
| b | cbc |
| c | oclcrpl |
| d | u |
| e | ncip |
| f | 19 |
| g | y-gencatlg |
| 942 ## - ADDED ENTRY ELEMENTS (KOHA) | |
| Source of classification or shelving scheme | Library of Congress Classification |
| Koha item type | Monograph ( Printed materials) |
| Withdrawn status | Lost status | Source of classification or shelving scheme | Damaged status | Not for loan | Collection code | Home library | Current library | Shelving location | Date acquired | Total Checkouts | Full call number | Barcode | Date last seen | Price effective from | Koha item type |
|---|---|---|---|---|---|---|---|---|---|---|---|---|---|---|---|
| Library of Congress Classification | Main Collection | ARRUPE LIBRARY | ARRUPE LIBRARY | Main Collection | 14/03/2018 | DT513 .O36 1966 | 46600001108 | 14/03/2018 | 14/03/2018 | Monograph ( Printed materials) |